[Event "2016 South Wales International"]
[Site "Cardiff"]
[Date "2016.07.07"]
[Round "1"]
[Board "10"]
[White "Marusenko, Petr"]
[Black "Thomas, Roy"]
[Result "1-0"]
[WhiteElo "2226"]
[BlackElo "1751"]
[PlyCount "0"]
[EventDate "2016.07.07"]
[EventRounds "10"]
[EventCountry "WLS"]

1. d4 {[%clk 1:30:56]} f5 {[%clk 1:18:53]} 2. g3 {[%clk 1:31:18]} e6
{[%clk 1:19:14]} 3. Bg2 {[%clk 1:31:47]} Nf6 {[%clk 1:19:32]} 4. c4
{[%clk 1:32:10]} Be7 {[%clk 1:19:56]} 5. Nc3 {[%clk 1:32:34]} O-O
{[%clk 1:20:19]} 6. Nf3 {[%clk 1:32:59]} Ne4 {[%clk 1:19:05]} 7. O-O
{[%clk 1:28:59]} d5 {[%clk 1:13:38]} 8. Ne5 {[%clk 1:26:57]} c6 {[%clk 1:06:40]}
9. Nxe4 {[%clk 1:20:09]} fxe4 {[%clk 1:02:44]} 10. f3 {[%clk 1:17:59]} exf3
{[%clk 1:00:45]} 11. exf3 {[%clk 1:18:18]} Nd7 {[%clk 1:00:53]} 12. f4
{[%clk 1:18:05]} Nxe5 {[%clk 1:00:18]} 13. dxe5 {[%clk 1:15:58]} dxc4
{[%clk 0:55:46]} 14. Be3 {[%clk 1:15:55]} Qc7 {[%clk 0:48:53]} 15. Rc1
{[%clk 1:11:27]} b5 {[%clk 0:42:30]} 16. Be4 {[%clk 1:09:16]} Bb4
{[%clk 0:32:10]} 17. b3 {[%clk 1:06:24]} Ba6 {[%clk 0:27:04]} 18. Kg2
{[%clk 0:54:02]} Rac8 {[%clk 0:19:01]} 19. Qc2 {[%clk 0:51:36]} g6
{[%clk 0:15:00]} 20. h4 c5 {[%clk 0:11:26]} 21. h5 {[%clk 0:45:49]} Bb7
{[%clk 0:10:39]} 22. hxg6 {[%clk 0:45:58]} hxg6 {[%clk 0:10:47]} 23. bxc4
{[%clk 0:46:17]} Ba3 {[%clk 0:06:56]} 24. Rb1 {[%clk 0:45:04]} b4
{[%clk 0:07:00]} 25. Bxc5 {[%clk 0:44:24]} b3 {[%clk 0:04:55]} 26. Rxb3
{[%clk 0:43:19]} Bxe4+ {[%clk 0:02:30]} 27. Qxe4 {[%clk 0:43:37]} Bxc5
{[%clk 0:02:50]} 28. Qxg6+ {[%clk 0:43:54]} Qg7 {[%clk 0:03:15]} 29. Qxe6+
{[%clk 0:44:12]} Qf7 {[%clk 0:03:31]} 30. Qg4+ {[%clk 0:39:56]} Qg7
{[%clk 0:04:00]} 31. Qxg7+ {[%clk 0:40:12]} Kxg7 {[%clk 0:04:29]} 32. Rb7+
{[%clk 0:40:01]} Kg6 {[%clk 0:04:08]} 33. Kf3 {[%clk 0:40:09]} Rfd8
{[%clk 0:02:59]} 34. Rh1 {[%clk 0:38:21]} Rd3+ {[%clk 0:02:43]} 35. Kg4
{[%clk 0:38:44]} Bf2 {[%clk 0:02:26]} 36. f5# {[%clk 0:38:45]} 1-0

[Event "2016 South Wales International"]
[Site "Cardiff"]
[Date "2016.07.07"]
[Round "1"]
[Board "11"]
[White "Harris, Calum"]
[Black "Rudd, Jack"]
[Result "0-1"]
[WhiteElo "1675"]
[BlackElo "2213"]
[PlyCount "0"]
[EventDate "2016.07.07"]
[EventRounds "10"]
[EventCountry "WLS"]

1. d4 d6 2. c4 e5 3. dxe5 dxe5 4. Qxd8+ Kxd8 5. g3 Be6 6. Bg2 c6 7. b3 Bb4+ 8.
Bd2 a5 9. Nf3 f6 10. O-O Kc7 11. Bc3 Na6 12. a3 Bxc3 13. Nxc3 Nh6 14. Rfc1 Nc5
15. Rab1 a4 16. Nxa4 Nxa4 17. bxa4 Rxa4 18. Rb4 Rha8 19. Nd2 Rxa3 20. Rcb1 R8a7
21. Nb3 b6 22. Nd2 R7a6 23. c5 b5 24. Ne4 Nf7 25. Rd1 Ra1 26. Rbb1 Rxb1 27. Rxb1
Ra2 28. Rc1 b4 29. f4 Rxe2 30. Nd6 b3 31. Bf1 b2 32. Rb1 Rc2 33. Bd3 Rc1+ 34. Kf2
Rxb1 35. Bxb1 Nxd6 36. cxd6+ Kxd6 37. Ke3 Kc5 38. fxe5 fxe5 39. Kd2 Kd4 40. h4 g6
41. Bxg6 hxg6 42. Kc2 e4 0-1

[Event "2016 South Wales International"]
[Site "Cardiff"]
[Date "2016.07.07"]
[Round "1"]
[Board "12"]
[White "Kett, Tim"]
[Black "Robertson, Jim"]
[Result "1-0"]
[WhiteElo "2209"]
[BlackElo "1649"]
[PlyCount "0"]
[EventDate "2016.07.07"]
[EventRounds "10"]
[EventCountry "WLS"]

1. e4 {[%clk 1:30:55]} c6 {[%clk 1:30:15]} 2. d4 {[%clk 1:28:59]} d5
{[%clk 1:30:33]} 3. exd5 {[%clk 1:28:45]} cxd5 {[%clk 1:30:55]} 4. c4
{[%clk 1:29:07]} Nf6 {[%clk 1:30:56]} 5. Nc3 {[%clk 1:29:23]} dxc4
{[%clk 1:30:03]} 6. Bxc4 {[%clk 1:27:41]} e6 {[%clk 1:30:26]} 7. Nf3
{[%clk 1:27:11]} Be7 {[%clk 1:29:19]} 8. O-O {[%clk 1:27:06]} O-O
{[%clk 1:29:37]} 9. Bg5 {[%clk 1:26:43]} Nc6 {[%clk 1:28:26]} 10. Re1
{[%clk 1:21:33]} Nd5 {[%clk 1:26:51]} 11. Bxe7 {[%clk 1:20:26]} Ncxe7
{[%clk 1:25:59]} 12. Ne5 {[%clk 1:15:49]} Nxc3 {[%clk 1:21:41]} 13. bxc3
{[%clk 1:15:35]} b6 {[%clk 1:19:43]} 14. Qf3 {[%clk 1:06:42]} Rb8
{[%clk 1:19:18]} 15. Rad1 {[%clk 1:06:17]} Bb7 {[%clk 1:14:34]} 16. Qh3
{[%clk 1:04:48]} Rc8 {[%clk 1:06:17]} 17. Nxf7 {[%clk 0:36:07]} Rxf7
{[%clk 1:01:19]} 18. Bxe6 {[%clk 0:35:25]} Nd5 {[%clk 0:49:55]} 19. Re5
{[%clk 0:28:00]} Nf4 {[%clk 0:39:24]} 20. Bxf7+ {[%clk 0:26:19]} Kxf7
{[%clk 0:37:56]} 21. Rf5+ {[%clk 0:26:23]} Kg8 {[%clk 0:37:55]} 22. Rxf4
{[%clk 0:26:42]} 1-0

[Event "2016 South Wales International"]
[Site "Cardiff"]
[Date "2016.07.07"]
[Round "1"]
[Board "13"]
[White "Rovaretti, David"]
[Black "Braun, Walter"]
[Result "1/2-1/2"]
[WhiteElo "1635"]
[BlackElo "2207"]
[PlyCount "0"]
[EventDate "2016.07.07"]
[EventRounds "10"]
[EventCountry "WLS"]

1. e4 {[%clk 1:30:51]} c5 {[%clk 1:30:53]} 2. Nf3 {[%clk 1:31:10]} e6
{[%clk 1:31:07]} 3. c3 {[%clk 1:31:12]} d5 {[%clk 1:31:00]} 4. Bb5+
{[%clk 1:29:55]} Bd7 {[%clk 1:30:28]} 5. Bxd7+ {[%clk 1:30:04]} Nxd7
{[%clk 1:30:26]} 6. exd5 {[%clk 1:30:06]} exd5 {[%clk 1:30:41]} 7. O-O
{[%clk 1:30:24]} Bd6 {[%clk 1:31:03]} 8. Re1+ {[%clk 1:30:02]} Ne7
{[%clk 1:31:28]} 9. d4 {[%clk 1:29:54]} O-O {[%clk 1:30:11]} 10. Bg5
{[%clk 1:27:24]} f6 {[%clk 1:27:03]} 11. dxc5 {[%clk 1:22:29]} Nxc5
{[%clk 1:23:06]} 12. Be3 {[%clk 1:22:16]} Re8 {[%clk 1:22:07]} 13. Na3
{[%clk 1:20:37]} Qd7 {[%clk 1:19:56]} 14. Nc2 {[%clk 1:20:07]} Kh8
{[%clk 1:19:12]} 15. Bxc5 {[%clk 1:19:55]} Bxc5 {[%clk 1:19:35]} 16. Ncd4
{[%clk 1:20:21]} Ng6 {[%clk 1:18:44]} 17. Qb3 {[%clk 1:12:15]} Nf4
{[%clk 1:16:07]} 18. Qb5 {[%clk 1:09:20]} Qxb5 {[%clk 1:15:02]} 19. Nxb5
{[%clk 1:09:42]} Nd3 {[%clk 1:06:56]} 20. Rxe8+ {[%clk 1:09:31]} Rxe8
{[%clk 1:07:21]} 21. b4 {[%clk 1:08:42]} Bxf2+ {[%clk 1:03:23]} 22. Kf1
{[%clk 1:09:10]} Bb6 {[%clk 1:03:45]} 23. Rd1 {[%clk 1:05:07]} Ne5
{[%clk 1:02:05]} 24. Nxe5 {[%clk 0:56:32]} Rxe5 {[%clk 1:01:06]} 25. Re1
{[%clk 0:56:54]} Rf5+ {[%clk 1:00:44]} 26. Ke2 {[%clk 0:57:10]} h5
{[%clk 1:00:22]} 27. Kd3 {[%clk 0:56:04]} Re5 {[%clk 0:57:30]} 28. Re2
{[%clk 0:54:16]} Kg8 {[%clk 0:47:29]} 29. h3 {[%clk 0:52:51]} Kf7
{[%clk 0:43:10]} 30. a4 {[%clk 0:48:29]} Ke7 {[%clk 0:42:16]} 31. a5
{[%clk 0:46:55]} a6 {[%clk 0:41:36]} 32. Na3 {[%clk 0:43:21]} Bc7
{[%clk 0:41:52]} 33. Nc2 {[%clk 0:42:59]} Kd7 {[%clk 0:39:55]} 34. Nd4
{[%clk 0:42:51]} Rxe2 {[%clk 0:36:56]} 35. Nxe2 {[%clk 0:42:56]} Ke6
{[%clk 0:36:29]} 36. Nd4+ {[%clk 0:38:08]} Ke5 {[%clk 0:35:54]} 37. Ke3
{[%clk 0:36:26]} g6 {[%clk 0:33:51]} 38. Nf3+ {[%clk 0:34:23]} Ke6
{[%clk 0:33:29]} 39. Nd4+ {[%clk 0:33:58]} Kd7 {[%clk 0:31:49]} 40. Kd3
{[%clk 0:30:09]} 1/2-1/2

[Event "2016 South Wales International"]
[Site "Cardiff"]
[Date "2016.07.07"]
[Round "1"]
[Board "14"]
[White "Jones, Steven A"]
[Black "Hurn, Robert Aj"]
[Result "1-0"]
[WhiteElo "2186"]
[BlackElo "1623"]
[PlyCount "0"]
[EventDate "2016.07.07"]
[EventRounds "10"]
[EventCountry "WLS"]

1. d4 {[%clk 1:29:43]} Nf6 {[%clk 1:30:52]} 2. c4 {[%clk 1:27:58]} e6
{[%clk 1:31:05]} 3. Nc3 {[%clk 1:27:50]} Bb4 {[%clk 1:31:27]} 4. a3
{[%clk 1:27:14]} Bxc3+ {[%clk 1:31:48]} 5. bxc3 {[%clk 1:27:39]} Ne4
{[%clk 1:32:09]} 6. Qc2 {[%clk 1:17:37]} f5 {[%clk 1:32:01]} 7. e3
{[%clk 1:16:42]} b6 {[%clk 1:31:26]} 8. Bd3 {[%clk 1:13:28]} Bb7 {[%clk 1:31:29]}
9. Nf3 {[%clk 1:13:39]} O-O {[%clk 1:30:18]} 10. O-O {[%clk 1:13:28]} d6
{[%clk 1:29:12]} 11. Nd2 {[%clk 1:10:13]} d5 {[%clk 1:25:30]} 12. f3
{[%clk 1:05:06]} Nxd2 {[%clk 1:19:46]} 13. Bxd2 {[%clk 1:05:16]} Nd7
{[%clk 1:18:42]} 14. cxd5 {[%clk 1:04:37]} Bxd5 {[%clk 1:17:10]} 15. e4
{[%clk 1:04:39]} fxe4 {[%clk 1:16:53]} 16. fxe4 {[%clk 1:04:48]} Bb7
{[%clk 1:16:42]} 17. Rxf8+ {[%clk 0:59:12]} Qxf8 {[%clk 1:11:35]} 18. e5
{[%clk 0:47:36]} g6 {[%clk 1:07:26]} 19. Rf1 {[%clk 0:44:29]} Qe7
{[%clk 1:04:45]} 20. Bxg6 {[%clk 0:39:18]} hxg6 {[%clk 1:04:26]} 21. Qxg6+
{[%clk 0:39:42]} Qg7 {[%clk 1:02:32]} 22. Qxe6+ {[%clk 0:40:07]} Kh8
{[%clk 1:01:34]} 23. Qh3+ {[%clk 0:40:32]} Kg8 {[%clk 0:59:22]} 24. Rf4
{[%clk 0:40:54]} Bxg2 {[%clk 0:56:50]} 25. Qxg2 {[%clk 0:41:11]} Qxg2+
{[%clk 0:57:13]} 26. Kxg2 {[%clk 0:41:36]} Rf8 {[%clk 0:57:13]} 27. Kf3
{[%clk 0:41:29]} c5 {[%clk 0:57:03]} 28. Rxf8+ {[%clk 0:41:45]} Kxf8
{[%clk 0:56:50]} 29. Ke4 {[%clk 0:42:06]} Kf7 {[%clk 0:56:14]} 30. d5
{[%clk 0:42:26]} Nb8 {[%clk 0:56:13]} 31. Bg5 {[%clk 0:42:30]} c4
{[%clk 0:55:56]} 32. e6+ {[%clk 0:42:29]} Ke8 {[%clk 0:56:13]} 33. d6
{[%clk 0:42:50]} 1-0

[Event "2016 South Wales International"]
[Site "Cardiff"]
[Date "2016.07.07"]
[Round "1"]
[Board "15"]
[White "Jones, Jeremy"]
[Black "Jaunooby, Ali R"]
[Result "0-1"]
[WhiteElo "1595"]
[BlackElo "2158"]
[PlyCount "0"]
[EventDate "2016.07.07"]
[EventRounds "10"]
[EventCountry "WLS"]

1. e4 d5 {[%clk 1:10:43]} 2. exd5 {[%clk 1:31:02]} Nf6 {[%clk 1:11:08]} 3. d4
{[%clk 1:30:30]} Nxd5 {[%clk 1:11:25]} 4. c4 {[%clk 1:30:33]} Nb4
{[%clk 1:11:26]} 5. a3 {[%clk 1:24:11]} N4c6 {[%clk 1:11:45]} 6. d5
{[%clk 1:22:51]} Ne5 {[%clk 1:11:52]} 7. Be2 {[%clk 1:15:41]} g6 {[%clk 1:02:47]}
8. f4 {[%clk 1:09:25]} Ned7 {[%clk 1:00:58]} 9. Bd2 {[%clk 1:07:04]} Bg7
{[%clk 0:51:20]} 10. Nc3 {[%clk 1:01:42]} c6 {[%clk 0:50:34]} 11. Nf3
{[%clk 0:56:24]} O-O {[%clk 0:49:40]} 12. O-O {[%clk 0:55:28]} Qb6+
{[%clk 0:49:38]} 13. Kh1 {[%clk 0:53:33]} Qxb2 {[%clk 0:49:55]} 14. Ra2
{[%clk 0:48:49]} Qb6 {[%clk 0:50:02]} 15. dxc6 {[%clk 0:44:14]} bxc6
{[%clk 0:49:02]} 16. Qc2 {[%clk 0:40:32]} Nc5 {[%clk 0:48:37]} 17. Na4
{[%clk 0:35:18]} Nxa4 {[%clk 0:47:46]} 18. Qxa4 {[%clk 0:34:09]} Nd7
{[%clk 0:33:14]} 19. Qc2 {[%clk 0:28:25]} Nc5 {[%clk 0:32:22]} 20. Bc3
{[%clk 0:21:16]} Bf5 {[%clk 0:32:17]} 21. Qb2 {[%clk 0:19:05]} Na4
{[%clk 0:29:42]} 22. Qxb6 {[%clk 0:18:52]} axb6 {[%clk 0:30:07]} 23. Bxg7
{[%clk 0:18:20]} Kxg7 {[%clk 0:30:32]} 24. Nd4 {[%clk 0:17:55]} Be4
{[%clk 0:29:43]} 25. Bf3 {[%clk 0:16:24]} Nc3 {[%clk 0:29:00]} 26. Rb2
{[%clk 0:14:10]} Bxf3 {[%clk 0:25:51]} 27. Nxf3 {[%clk 0:11:20]} Na4
{[%clk 0:23:56]} 28. Rd2 {[%clk 0:10:56]} Rfd8 {[%clk 0:24:09]} 29. Rfd1
{[%clk 0:10:54]} Rxd2 {[%clk 0:24:18]} 30. Rxd2 {[%clk 0:10:41]} Nc3
{[%clk 0:24:27]} 31. h3 {[%clk 0:09:44]} Rxa3 {[%clk 0:24:41]} 32. Rd7
{[%clk 0:09:55]} Kf6 {[%clk 0:22:39]} 33. Rc7 {[%clk 0:09:26]} c5
{[%clk 0:22:50]} 34. Rc6+ {[%clk 0:08:43]} Kf5 {[%clk 0:23:11]} 35. Rxb6
{[%clk 0:07:55]} Kxf4 {[%clk 0:23:24]} 36. Kh2 {[%clk 0:07:44]} f6
{[%clk 0:14:47]} 37. Re6 {[%clk 0:05:39]} Ra7 {[%clk 0:11:11]} 38. Ne1
{[%clk 0:04:30]} Rd7 {[%clk 0:11:00]} 39. Nf3 {[%clk 0:04:43]} Ne4
{[%clk 0:10:27]} 40. Ng1 {[%clk 0:03:53]} Nd6 {[%clk 0:08:39]} 41. Ne2+
{[%clk 0:02:35]} Kf5 {[%clk 0:08:45]} 42. Re3 {[%clk 0:02:41]} e5
{[%clk 0:08:59]} 43. Ng3+ {[%clk 0:02:15]} Ke6 {[%clk 0:09:13]} 44. Ne4
{[%clk 0:02:20]} Nxe4 {[%clk 0:09:36]} 45. Rxe4 {[%clk 0:02:40]} Rd4
{[%clk 0:10:02]} 46. Re1 {[%clk 0:02:53]} Rxc4 {[%clk 0:10:27]} 47. Ra1
{[%clk 0:02:53]} Rd4 {[%clk 0:09:56]} 48. Kg1 {[%clk 0:03:08]} c4
{[%clk 0:09:54]} 49. Ra6+ {[%clk 0:03:07]} Rd6 {[%clk 0:10:14]} 50. Ra3
{[%clk 0:03:06]} Rc6 {[%clk 0:10:32]} 51. Rc3 {[%clk 0:03:23]} Kd5
{[%clk 0:10:57]} 52. Kf2 {[%clk 0:03:38]} Kd4 {[%clk 0:11:21]} 53. Rc1
{[%clk 0:04:02]} c3 {[%clk 0:11:46]} 54. Ke2 {[%clk 0:04:27]} Rb6
{[%clk 0:11:30]} 55. Rd1+ {[%clk 0:04:33]} Ke4 {[%clk 0:11:48]} 56. Rc1
{[%clk 0:04:36]} Rb2+ {[%clk 0:12:12]} 0-1

[Event "2016 South Wales International"]
[Site "Cardiff"]
[Date "2016.07.07"]
[Round "1"]
[Board "16"]
[White "Ivekovic, Tihana"]
[Black "Orton, Paul"]
[Result "1-0"]
[WhiteElo "2129"]
[BlackElo "1595"]
[PlyCount "0"]
[EventDate "2016.07.07"]
[EventRounds "10"]
[EventCountry "WLS"]

1. d4 {[%clk 1:30:58]} Nf6 {[%clk 1:30:51]} 2. c4 {[%clk 1:31:22]} e6
{[%clk 1:31:15]} 3. Nf3 {[%clk 1:31:48]} d5 {[%clk 1:31:08]} 4. Nc3
{[%clk 1:32:12]} Bb4 {[%clk 1:31:13]} 5. Bg5 {[%clk 1:32:31]} O-O
{[%clk 1:31:11]} 6. e3 {[%clk 1:32:53]} c5 {[%clk 1:29:19]} 7. dxc5
{[%clk 1:33:10]} Bxc3+ {[%clk 1:25:36]} 8. bxc3 {[%clk 1:33:33]} Nbd7
{[%clk 1:22:35]} 9. cxd5 {[%clk 1:31:41]} exd5 {[%clk 1:21:24]} 10. Be2
{[%clk 1:29:41]} Qa5 {[%clk 1:20:45]} 11. Bxf6 {[%clk 1:29:26]} Nxf6
{[%clk 1:20:59]} 12. Qd4 {[%clk 1:27:47]} h6 {[%clk 1:19:47]} 13. O-O
{[%clk 1:27:15]} Be6 {[%clk 1:19:53]} 14. Qb4 {[%clk 1:25:51]} Qc7
{[%clk 1:19:16]} 15. Nd4 {[%clk 1:24:44]} Rfc8 {[%clk 1:14:10]} 16. Rfc1
{[%clk 1:20:03]} Rab8 {[%clk 1:12:06]} 17. Bf3 {[%clk 1:03:02]} Qxc5
{[%clk 1:11:14]} 18. Rab1 {[%clk 1:01:47]} Ne4 {[%clk 0:59:58]} 19. Bxe4
{[%clk 1:01:25]} dxe4 {[%clk 0:59:21]} 20. Nxe6 {[%clk 1:01:38]} fxe6
{[%clk 0:59:16]} 21. Qxe4 {[%clk 1:01:59]} Qd5 {[%clk 0:57:38]} 22. Qxd5
{[%clk 1:01:25]} exd5 {[%clk 0:57:36]} 23. Rb5 {[%clk 1:01:30]} Rd8
{[%clk 0:54:12]} 24. Kf1 {[%clk 1:01:49]} b6 {[%clk 0:53:24]} 25. Rd1
{[%clk 1:00:01]} Rbc8 {[%clk 0:52:44]} 26. Rd3 {[%clk 0:59:50]} Rc4
{[%clk 0:49:33]} 27. Ke2 {[%clk 0:58:11]} Ra4 {[%clk 0:45:24]} 28. Rd2
{[%clk 0:57:44]} Kf7 {[%clk 0:45:21]} 29. f3 {[%clk 0:56:59]} Ke7
{[%clk 0:44:38]} 30. Rb4 {[%clk 0:52:14]} Ra3 {[%clk 0:41:47]} 31. Rg4
{[%clk 0:51:33]} Kf6 {[%clk 0:34:35]} 32. Rc2 {[%clk 0:46:35]} Rc8
{[%clk 0:33:54]} 33. Kd3 {[%clk 0:42:08]} b5 {[%clk 0:33:08]} 34. Rb4
{[%clk 0:41:01]} a6 {[%clk 0:32:42]} 35. Kd4 {[%clk 0:38:30]} Ke6
{[%clk 0:31:59]} 36. Kd3 {[%clk 0:35:12]} Rc7 {[%clk 0:28:33]} 37. h4
{[%clk 0:35:06]} g6 {[%clk 0:23:14]} 38. e4 {[%clk 0:33:25]} dxe4+
{[%clk 0:20:51]} 39. Rxe4+ {[%clk 0:33:46]} Kf6 {[%clk 0:18:17]} 40. Rd4
{[%clk 0:33:35]} Rc6 {[%clk 0:16:53]} 41. Rb4 {[%clk 0:31:01]} Rd6+
{[%clk 0:16:38]} 42. Ke2 {[%clk 0:31:13]} Re6+ {[%clk 0:16:11]} 43. Kd2
{[%clk 0:30:23]} Rc6 {[%clk 0:15:20]} 44. Rd4 {[%clk 0:25:17]} Ke6
{[%clk 0:11:56]} 45. g4 {[%clk 0:22:51]} Kf6 {[%clk 0:07:14]} 46. Rd3
{[%clk 0:03:55]} Ra4 {[%clk 0:06:15]} 47. Kc1 {[%clk 0:02:34]} Rac4
{[%clk 0:26:26]} 48. Kb2 {[%clk 0:32:40]} h5 49. Rd4 hxg4 {[%clk 0:22:22]} 50.
fxg4 {[%clk 0:33:05]} R4c5 {[%clk 0:19:57]} 51. Rf2+ {[%clk 0:32:18]} Ke6
{[%clk 0:17:43]} 52. Rf3 {[%clk 0:32:03]} Re5 {[%clk 0:16:52]} 53. g5
{[%clk 0:30:19]} Re2+ {[%clk 0:16:08]} 54. Kb3 {[%clk 0:30:16]} Ke5 55. Rf8
{[%clk 0:27:10]} Rh2 {[%clk 0:13:39]} 56. Rf3 {[%clk 0:20:37]} Rh1
{[%clk 0:12:32]} 57. Rdf4 {[%clk 0:17:05]} a5 {[%clk 0:08:17]} 58. Rf6
{[%clk 0:13:29]} Rc4 {[%clk 0:06:13]} 59. Rxg6 {[%clk 0:11:08]} Rg4
{[%clk 0:05:45]} 60. Rgf6 {[%clk 0:08:16]} Rhxh4 {[%clk 0:03:41]} 61. R3f5+
{[%clk 0:08:31]} Ke4 {[%clk 0:03:46]} 62. Rxb5 {[%clk 0:08:50]} Rh5
{[%clk 0:03:43]} 63. Rxa5 {[%clk 0:09:10]} 1-0

[Event "2016 South Wales International"]
[Site "Cardiff"]
[Date "2016.07.07"]
[Round "1"]
[Board "17"]
[White "Cox, John"]
[Black "Longson, Sarah N"]
[Result "0-1"]
[WhiteElo "1469"]
[BlackElo "2117"]
[PlyCount "36"]
[EventDate "2016.07.07"]
[EventRounds "10"]
[EventCountry "WLS"]

1. e4 e5 2. Nf3 Nc6 3. Bb5 a6 4. Bxc6 dxc6 5. d4 exd4 6. Qxd4 Qxd4 7. Nxd4 Bd6
8. Nc3 Ne7 9. O-O O-O 10. Re1 f6 11. Bd2 Rd8 12. Nf3 Ng6 13. Rad1 Bg4 14. h3
Bxf3 15. gxf3 Nh4 16. Re3 Bf4 17. Rd3 Bxd2 18. R1xd2 Nxf3+ 0-1

[Event "2016 South Wales International"]
[Site "Cardiff"]
[Date "2016.07.07"]
[Round "1"]
[Board "18"]
[White "Martin, Lewis"]
[Black "Ray, Hiya"]
[Result "1-0"]
[WhiteElo "2053"]
[BlackElo "1442"]
[PlyCount "67"]
[EventDate "2016.07.07"]
[EventRounds "10"]
[EventCountry "WLS"]

1. d4 Nf6 2. c4 g6 3. Nc3 Bg7 4. e4 d6 5. Nf3 O-O 6. Be2 e5 7. O-O Re8 8. dxe5
dxe5 9. Qxd8 Rxd8 10. Bg5 Bg4 11. Nd5 Nbd7 12. Nxc7 Rac8 13. Nb5 a6 14. Nd6 Rc7
15. b4 Nf8 16. c5 Ne6 17. Be3 Nf4 18. Bd1 Re7 19. Bb3 Be6 20. Bxe6 Rxe6 21. Kh1
Rd7 22. Nxe5 Rxe5 23. Bxf4 Ree7 24. Rae1 Nh5 25. Bd2 b6 26. f3 bxc5 27. bxc5
Bd4 28. Rc1 Bxc5 29. Rxc5 Rxd6 30. Rc8+ Kg7 31. Bb4 Red7 32. Bxd6 Rxd6 33. Rfc1
Nf6 34. e5 1-0

[Event "2016 South Wales International"]
[Site "Cardiff"]
[Date "2016.07.07"]
[Round "1"]
[Board "19"]
[White "Chapman, Dafydd"]
[Black "Bullen, Alex"]
[Result "0-1"]
[WhiteElo "1392"]
[BlackElo "2045"]
[PlyCount "72"]
[EventDate "2016.07.07"]
[EventRounds "10"]
[EventCountry "WLS"]

1. e4 c6 2. d4 d5 3. exd5 cxd5 4. c4 Nf6 5. Nc3 Nc6 6. Nf3 Bg4 7. cxd5 Nxd5 8.
Qb3 Bxf3 9. gxf3 e6 10. Qxb7 Nxd4 11. Bb5+ Nxb5 12. Qxb5+ Qd7 13. Nxd5 exd5 14.
Qxd7+ Kxd7 15. Be3 Bb4+ 16. Ke2 Rhe8 17. Rac1 Re5 18. Rhd1 Rh5 19. Rc4 Bd6 20.
Rcd4 Ke6 21. h4 Rb8 22. b3 Rb5 23. Rg4 g6 24. Bxa7 Ra5 25. Ra4 Rxa4 26. bxa4
Rxh4 27. Bd4 Be5 28. Ke3 Bxd4+ 29. Rxd4 Rxd4 30. Kxd4 Kd6 31. a5 h5 32. a6 Kc6
33. a4 h4 34. a5 h3 35. a7 Kb7 36. a6+ Kxa7 0-1

[Event "2016 South Wales International"]
[Site "Cardiff"]
[Date "2016.07.07"]
[Round "1"]
[Board "20"]
[White "Rodriguez, Juan Talavera"]
[Black "Bonutto, Stephen"]
[Result "1/2-1/2"]
[WhiteElo "2020"]
[BlackElo "1391"]
[PlyCount "65"]
[EventDate "2016.07.07"]
[EventRounds "10"]
[EventCountry "WLS"]

1. Nf3 d5 2. g3 Nf6 3. Bg2 e6 4. d3 Be7 5. Nbd2 O-O 6. O-O b6 7. e4 c5 8. Re1
Nc6 9. c3 Bb7 10. Qe2 Re8 11. e5 Nd7 12. Nf1 Qc7 13. Bf4 Rac8 14. h4 b5 15. a3
Qb6 16. Bh3 d4 17. Ng5 Bxg5 18. hxg5 Ne7 19. Nh2 c4 20. dxc4 Rxc4 21. Rad1 Qc6
22. f3 dxc3 23. Rd6 Qc7 24. bxc3 Nd5 25. Bd2 N7b6 26. Ng4 Nc8 27. f4 Nxd6 28.
exd6 Qxd6 29. Ne5 Rcc8 30. Qxb5 Qc5+ 31. Qxc5 Rxc5 32. c4 Nb6 33. Bf1 1/2-1/2

[Event "2016 South Wales International"]
[Site "Cardiff"]
[Date "2016.07.07"]
[Round "1"]
[Board "21"]
[White "O`rourke, Kevin"]
[Black "Ralphs, Nigel"]
[Result "0-1"]
[WhiteElo "1367"]
[BlackElo "2000"]
[PlyCount "114"]
[EventDate "2016.07.07"]
[EventRounds "10"]
[EventCountry "WLS"]

1. e4 c5 2. Nf3 Nc6 3. d4 cxd4 4. Nxd4 Nf6 5. Nxc6 bxc6 6. Nc3 e5 7. a3 Be7 8.
Qf3 O-O 9. Qg3 d6 10. Be2 Rb8 11. Bh6 Ne8 12. h4 Kh8 13. Bg5 Rxb2 14. Bxe7 Qxe7
15. Na4 Rb8 16. h5 h6 17. Qe3 f5 18. f4 exf4 19. Qxf4 Qxe4 20. Qxe4 fxe4 21.
O-O-O d5 22. g4 Nf6 23. Rhg1 Be6 24. Nc5 Rbe8 25. g5 hxg5 26. Rxg5 Nh7 27. Rg6
Rf6 28. Rdg1 Rxg6 29. Rxg6 Nf8 30. Rg3 Bc8 31. Rb3 Ne6 32. Nxe6 Bxe6 33. Rb7 a5
34. Ra7 d4 35. Bf1 Rf8 36. Bg2 Bd5 37. Rxa5 Rf2 38. Bh3 d3 39. cxd3 exd3 40.
Bg4 Bb3 41. Ra8+ Kh7 42. Rd8 Bd5 43. Bd1 Ra2 44. Rb8 Rxa3 45. Rb2 Kh6 46. Rd2
Ra1+ 47. Kb2 Ra2+ 48. Kc1 Rxd2 49. Kxd2 Bf7 50. Kxd3 Bxh5 51. Bxh5 Kxh5 52. Ke3
Kg4 53. Kd4 Kf4 54. Kc5 g5 55. Kxc6 g4 56. Kd5 g3 57. Kd4 g2 0-1

[Event "2016 South Wales International"]
[Site "Cardiff"]
[Date "2016.07.07"]
[Round "1"]
[Board "22"]
[White "Waterfield, John W"]
[Black "Chung, Ethan Cheung Jing"]
[Result "0-1"]
[WhiteElo "1980"]
[BlackElo "1322"]
[PlyCount "60"]
[EventDate "2016.07.07"]
[EventRounds "10"]
[EventCountry "WLS"]

1. e4 e6 2. d4 d5 3. Nd2 dxe4 4. Nxe4 Nf6 5. Nxf6+ Qxf6 6. Nf3 h6 7. Bd3 Bd6 8.
O-O O-O 9. Qe2 Qe7 10. Re1 Nc6 11. c3 f5 12. b4 a6 13. Bc4 Rf6 14. d5 Nd8 15.
Bb2 c6 16. dxe6 Bxe6 17. Nd4 Bxc4 18. Qxc4+ Qf7 19. Re8+ Kh7 20. Qxf7 Rxf7 21.
Rd1 Bc7 22. Ne6 Nxe6 23. Rxa8 Nf4 24. c4 Re7 25. Rc8 Nd3 26. Bc3 Be5 27. Bxe5
Rxe5 28. a3 Nb2 29. f4 Re4 30. Rc7 Nxd1 0-1

[Event "2016 South Wales International"]
[Site "Cardiff"]
[Date "2016.07.07"]
[Round "1"]
[Board "23"]
[White "Fathallah, Joe"]
[Black "Irving, Julian"]
[Result "1-0"]
[WhiteElo "1960"]
[BlackElo "1140"]
[PlyCount "107"]
[EventDate "2016.07.07"]
[EventRounds "10"]
[EventCountry "WLS"]

1. d4 Nf6 2. c4 g6 3. Nc3 Bg7 4. e4 d6 5. f3 O-O 6. Be3 Nbd7 7. Qd2 c5 8. Nge2
cxd4 9. Nxd4 a6 10. Be2 Ne5 11. Rc1 Bd7 12. O-O Rc8 13. Nd5 e6 14. Nxf6+ Bxf6
15. f4 Nc6 16. Nf3 Qc7 17. Rfd1 Be7 18. e5 d5 19. cxd5 exd5 20. Nd4 Qb8 21. Bf3
Nxd4 22. Bxd4 Rxc1 23. Rxc1 Bc6 24. g4 f5 25. exf6 Bxf6 26. Bxf6 Rxf6 27. Bxd5+
Bxd5 28. Qxd5+ Kg7 29. Qd7+ Rf7 30. Qd4+ Kg8 31. Rf1 Qc8 32. f5 gxf5 33. Qd5
Qe8 34. gxf5 Qe3+ 35. Kh1 Kf8 36. Rg1 Qe7 37. Rc1 Qd7 38. Qc5+ Qe7 39. Qd4 Kg8
40. Rc8+ Rf8 41. Qg4+ Qg7 42. Qxg7+ Kxg7 43. Rxf8 Kxf8 44. Kg2 Kf7 45. Kf3 Ke7
46. Ke4 Kf6 47. Kf4 b6 48. a4 h6 49. h3 b5 50. axb5 axb5 51. b4 Kf7 52. Ke5 Ke7
53. f6+ Kf7 54. Kf5 1-0